| 000 | 01674nam a2200445 i 4500 | ||
|---|---|---|---|
| 999 |
_c51133 _d51133 |
||
| 001 | 51133 | ||
| 003 | ES-MaCES | ||
| 005 | 20190208124636.0 | ||
| 007 | cr ||||||||||| | ||
| 008 | 180215s2017 sp 000 | spa d | ||
| 017 |
_aM 35904-2018 _bDL |
||
| 020 | _a9788484687696 | ||
| 040 |
_aES-MaCES _bspa _cES-MaCES |
||
| 245 | 0 | 0 |
_aInforme España 2018 _cCátedra José María Martín Patino de la Cultura del Encuentro [de la Universidad Pontificia Comillas] ; [coord. y ed., Agustín Blanco ... et al.] |
| 260 |
_aMadrid _bUniversidad Pontificia Comillas, Cátedra J.M. Martín Patino _c2018 |
||
| 300 |
_aXXIX, 391 p. _bgráf. col _c24 cm |
||
| 500 | _aPrecede al tít.: 25 | ||
| 500 | _aEs continuación de la colección CECS pub. por la Fundación Encuentro | ||
| 541 | _cCompra | ||
| 650 | 4 |
_apolítica _927246 |
|
| 650 | 4 |
_anacionalismo _927126 |
|
| 650 | 4 |
_acondiciones económicas _927081 |
|
| 650 | 4 |
_acondiciones sociales _930469 |
|
| 650 | 4 |
_asistema de valores _929392 |
|
| 650 | 4 |
_acondiciones de empleo _930040 |
|
| 650 | 4 |
_ainmigrante _928631 |
|
| 650 | 4 |
_afecundidad _928504 |
|
| 650 | 4 |
_ademografía _928502 |
|
| 650 | 4 |
_acambio climático _930961 |
|
| 650 | 4 |
_aEspaña _926964 |
|
| 650 | 4 |
_a2018 _939065 |
|
| 650 | 4 |
_ainforme _928986 |
|
| 653 | 1 | 0 | _aCiencias Sociales-Políticas |
| 700 | 1 |
_938366 _aBlanco Martín, Agustín _ecoord. y ed. lit. |
|
| 710 | 2 |
_938367 _bCátedra José María Martín Patino _aUniversidad Pontificia Comillas |
|
| 787 | 0 |
_tInforme España 2017 _w(ES-MaCES)50534 |
|
| 856 | 4 |
_uhttp://biblioteca.ces.es/repintra/B50534.pdf _ytexto completo _z[intranet] |
|
| 902 | _aLIB Libro | ||
| 942 |
_2CES _cBK _h7.0. |
||